Israel : (Record no. 27745)

MARC details
000 -LEADER
campo de control de longitud fija 00991cam a2200313 a 4500
001 - NÚMERO DE CONTROL
campo de control 110778
005 - FECHA Y HORA DE LA ÚLTIMA TRANSACCIÓN
campo de control 20230410103902.0
008 - DATOS DE LONGITUD FIJA--INFORMACIÓN GENERAL
campo de control de longitud fija 110511s2011 sp 000 0 spa
035 ## - NÚMERO DE CONTROL DEL SISTEMA
Número de control de sistema 16822516
010 ## - NÚMERO DE CONTROL DE LA BIBLIOTECA DEL CONGRESO
Número de control de LC 2011393934
020 ## - NÚMERO INTERNACIONAL ESTÁNDAR DEL LIBRO
Número Internacional Estándar del Libro 9788483195925
035 ## - NÚMERO DE CONTROL DEL SISTEMA
Número de control de sistema (SP-BaPL)pu110004344
040 ## - FUENTE DE CATALOGACIÓN
Centro catalogador/agencia de origen DLC
Centro/agencia transcriptor DLC
043 ## - CÓDIGO DE ÁREA GEOGRÁFICA
Código de área geográfica a-is---
050 14 - SIGNATURA TOPOGRÁFICA DE LA BIBLIOTECA DEL CONGRESO
Número de clasificación 416 DS 126.5
Número de ítem M396i 2011
100 1# - ENTRADA PRINCIPAL--NOMBRE DE PERSONA
Nombre de persona Masegosa, Alberto,
Fechas asociadas al nombre 1957-
245 10 - MENCIÓN DEL TÍTULO
Título Israel :
Resto del título crónica del país del libro /
Mención de responsabilidad, etc. Alberto Masegosa ; prólogo de Enric González.
260 ## - PUBLICACIÓN, DISTRIBUCIÓN, ETC.
Lugar de publicación, distribución, etc. Madrid :
Nombre del editor, distribuidor, etc. Libros de la Catarata,
Fecha de publicación, distribución, etc. c2011.
300 ## - DESCRIPCIÓN FÍSICA
Extensión 206 p. ;
Dimensiones 21 cm.
440 #0 - MENCIÓN DE SERIE/PUNTO DE ACCESO ADICIONAL--TÍTULO
Título Catarata ;
Designación de volumen o secuencia 362
651 #0 - PUNTO DE ACCESO ADICIONAL DE MATERIA--NOMBRE GEOGRÁFICO
Nombre geográfico Israel
Subdivisión general Social life and customs
Subdivisión cronológica 20th century
651 #0 - PUNTO DE ACCESO ADICIONAL DE MATERIA--NOMBRE GEOGRÁFICO
Nombre geográfico Israel
Subdivisión general Social conditions
Subdivisión cronológica 20th century
651 #4 - PUNTO DE ACCESO ADICIONAL DE MATERIA--NOMBRE GEOGRÁFICO
Nombre geográfico Israel
Subdivisión general Vida social y costumbres.
651 #4 - PUNTO DE ACCESO ADICIONAL DE MATERIA--NOMBRE GEOGRÁFICO
Nombre geográfico Israel
Subdivisión general Condiciones sociales.
925 0# -
-- acquire
-- 1 shelf copy
-- policy default
942 ## - ELEMENTOS DE ENTRADA SECUNDARIOS (KOHA)
Fuente del sistema de clasificación o colocación Clasificación de Library of Congress
Tipo de ítem Koha
923 ## -
-- 20110607
-- 174823
-- SP-BaPL
946 ## - PROCESAMIENTO DE INFORMACIÓN LOCAL (OCLC)
a YSL
Holdings
Estatus retirado Estado de pérdida Fuente del sistema de clasificación o colocación Estado de daño No para préstamo Colección Biblioteca de origen Biblioteca actual Ubicación en estantería Fecha de adquisición Serial enumeration / chronology Signatura topográfica completa Código de barras Visto por última vez Copia número Tipo de ítem Koha
    Clasificación de Library of Congress     Recursos Regionales Biblioteca Juan Bosch Biblioteca Juan Bosch Recursos Regionales (2do. Piso) 10/04/2023 1 416 DS 126.5 M396i 2011 00000104510 23/10/2018 1